| 000 | 01611cam a2200385 i 4500 | ||
|---|---|---|---|
| 001 | 768714001 | ||
| 003 | CO-MdFUSB | ||
| 005 | 20250505105106.0 | ||
| 007 | ta | ||
| 008 | 160728b1988 gs ||||f |||| 00| 0 eng d | ||
| 020 | _a0567094782 | ||
| 040 |
_aCO-MdFUSB _bEspañol _cCO-MdFUSB _dCO-MdFUSB _erda |
||
| 041 |
_aeng _hger |
||
| 082 |
_a241 _224 _bSC377e |
||
| 100 | 1 |
_aSchrage, Wolfgang _eautor |
|
| 240 | _aEthik des Neuen Testaments | ||
| 245 | 0 | 4 |
_aThe ethics of the New Testament _c/ Wolfgang Schrage ; traducido por David E. Green |
| 264 | 1 |
_aEdinburgh, Scotland : _bT. & T. Clark, _c[1988] |
|
| 264 | 4 | _c©1988 | |
| 300 | _a369 páginas | ||
| 336 |
_2rdacontent _atexto _btxt |
||
| 337 |
_2rdamedia _asin mediación _bn |
||
| 338 |
_2rdacarrier _avolumen _bnc |
||
| 505 | _aLa ética escatológica de Jesús - Principios éticos en las primeras congregaciones - Acentos éticos en los evangelios sinópticos - La ética cristológica de Pablo - La ética de la responsabilidad en las epístolas -- Paréntesis en la epístola de Santiago - El mandamiento del amor fraterno en los escritos de Juan - Exhortaciones dirigidas al pueblo peregrino en la epístola a los Hebreos - Exhortación escatológica en el libro de Apocalipsis. | ||
| 563 | _aPasta dura | ||
| 630 | 7 |
_aBiblia. _pNuevo Testamento _xAspectos morales |
|
| 650 | 7 |
_aReligión y ética _9183 |
|
| 650 | 0 |
_aConducta de vida _920 |
|
| 650 | 7 |
_aÉtica cristiana _9185 |
|
| 653 | _aÉtica en la biblia | ||
| 700 |
_aGreen, David E. _93746 _etraductor |
||
| 942 | _cBK | ||
| 945 | _aJTF-925 | ||
| 999 |
_c46543 _d46543 |
||